| 000 | 00688nam a2200289Ia 4500 | ||
|---|---|---|---|
| 001 | Z_973 | ||
| 003 | CHAP | ||
| 008 | 220113s1986 xx 000 0 und d | ||
| 010 | _a164049 | ||
| 040 | _cCHAP | ||
| 082 | _a001.6424 W6y | ||
| 100 |
_aWood, Steve _9122536 |
||
| 245 |
_aTurbo Pascal versión 3.0 / _cpor Steve Wood |
||
| 260 |
_aMéxico, D. F. : _bMcGraw-Hill, _c1986 |
||
| 300 | _a314 p | ||
| 440 | _a | ||
| 500 | _a | ||
| 503 | _aC/E, 143730-1 | ||
| 650 |
_aLenguajes de programación I. t. _9138084 |
||
| 650 |
_aTurbo Pascal (Programación) _9115591 |
||
| 901 | _a001.6424 W6y | ||
| 902 | _aA | ||
| 910 | _a1986 | ||
| 942 | _c1 | ||
| 942 | _cc1 | ||
| 999 |
_c164049 _d164049 |
||